[Event "Hastings Masters"]
[Site "Hastings"]
[Date "2010.12.29"]
[Round "2.29"]
[White "Rolvag, Mikael"]
[Black "White, Michael J R"]
[Result "1-0"]
[WhiteElo "2179"]
[BlackElo "2247"]
[PlyCount "61"]
[EventDate "2010.12.28"]

1. c4 g6 2. g3 Bg7 3. Bg2 d6 4. Nc3 e5 5. d3 f5 6. e4 Nc6 7. Nge2 Be6 8. Nd5
Qd7 9. O-O Nf6 10. Bg5 O-O 11. Qd2 a6 12. Rac1 Kh8 13. Nxf6 Bxf6 14. Bxf6+ Rxf6
15. d4 exd4 16. exf5 Bxf5 17. Nxd4 Raf8 18. Nxf5 Qxf5 19. b4 Nd8 20. c5 dxc5
21. Rxc5 Qc8 22. Bd5 c6 23. Bb3 Qg4 24. Rc4 Qf5 25. Rf4 Qc8 26. Qc3 Kg7 27. Re1
Qd7 28. Qe5 h5 29. Rd1 Qe8 30. Qxe8 Rxe8 31. Rd7+ 1-0

[Event "Hastings Masters"]
[Site "Hastings"]
[Date "2010.12.29"]
[Round "2.30"]
[White "Cafferty, Bernard"]
[Black "Spence, David J"]
[Result "0-1"]
[WhiteElo "2133"]
[BlackElo "2237"]
[PlyCount "42"]
[EventDate "2010.12.28"]

1. e3 Nf6 2. f4 d5 3. Nf3 Bg4 4. b4 a5 5. b5 Nbd7 6. Bb2 c5 7. c4 e6 8. Be2 Be7
9. O-O O-O 10. Na3 Qc7 11. Rc1 Rad8 12. Ne5 Bxe2 13. Qxe2 Nxe5 14. fxe5 Nd7 15.
d4 Qb6 16. Rfd1 cxd4 17. exd4 dxc4 18. Qxc4 Bg5 19. Rc3 Nxe5 20. Qc7 Be3+ 21.
Kf1 Bxd4 0-1

[Event "Hastings Masters"]
[Site "Hastings"]
[Date "2010.12.29"]
[Round "2.31"]
[White "Helbig, Paul D"]
[Black "Marusenko, Petr"]
[Result "0-1"]
[WhiteElo "2115"]
[BlackElo "2206"]
[PlyCount "104"]
[EventDate "2010.12.28"]

1. e4 c6 2. d4 d5 3. f3 Qb6 4. a3 e6 5. Nc3 g6 6. f4 Bg7 7. Nf3 Ne7 8. e5 c5 9.
Be3 c4 10. Rb1 Nf5 11. Bf2 h5 12. g3 Bd7 13. Ne2 Qa5+ 14. c3 Ba4 15. Qc1 Nc6
16. Bg2 Qc7 17. h3 Na5 18. O-O Nb3 19. Qe1 Nh6 20. Nh2 O-O-O 21. g4 hxg4 22.
hxg4 Rh7 23. Ng3 Rdh8 24. Be3 Qd8 25. g5 Nf5 26. Nxf5 gxf5 27. Nf3 Na5 28. Qe2
Qb6 29. Kf2 Qb3 30. Nd2 Qb6 31. Nf3 Bf8 32. Rh1 Rxh1 33. Rxh1 Rxh1 34. Bxh1 Qb3
35. Ne1 Nc6 36. Bf3 b5 37. Bc1 a5 38. Bxd5 exd5 39. e6 Qd1 40. Qe3 Qh5 41. exf7
Qxf7 42. Nf3 Qe7 43. Ne5 Nxe5 44. dxe5 Qc5 45. Qxc5+ Bxc5+ 46. Be3 Bf8 47. e6
Bd1 48. Bb6 Bh5 49. Ke3 Bd6 50. Kd4 Bxf4 51. Kxd5 Bxg5 52. Bxa5 Be3 0-1

[Event "Hastings Masters"]
[Site "Hastings"]
[Date "2010.12.29"]
[Round "2.32"]
[White "Kwiatkowski, Feliks J"]
[Black "Sreeves, Clement"]
[Result "1/2-1/2"]
[WhiteElo "2246"]
[BlackElo "2104"]
[PlyCount "108"]
[EventDate "2010.12.28"]

1. e4 c5 2. Nf3 d6 3. d4 cxd4 4. Nxd4 Nf6 5. Nc3 g6 6. Be3 Bg7 7. f3 O-O 8. Qd2
Nc6 9. Bc4 Bd7 10. h4 Rc8 11. Bb3 h5 12. O-O-O Ne5 13. Kb1 Re8 14. Bh6 Nc4 15.
Bxc4 Rxc4 16. Bxg7 Kxg7 17. Nd5 e5 18. Nxf6 Qxf6 19. Nb3 Rec8 20. Qxd6 Be6 21.
c3 a5 22. Nxa5 Ra4 23. Nb3 Ra6 24. Qd2 Rca8 25. Qg5 Qxg5 26. hxg5 Rxa2 27. Kc2
b5 28. Nc1 R2a4 29. Nd3 Rc8 30. Ra1 f6 31. b3 Raa8 32. gxf6+ Kxf6 33. Rxa8 Rxa8
34. Kb2 Rd8 35. Rd1 h4 36. Kc2 Kg5 37. Nc5 Re8 38. Nxe6+ Rxe6 39. c4 bxc4 40.
bxc4 Kf4 41. Kc3 h3 42. gxh3 Kxf3 43. c5 Kxe4 44. Rd6 Kf5 45. Rxe6 Kxe6 46. Kc4
g5 47. c6 Kd6 48. Kb5 Kc7 49. Kc5 e4 50. Kd4 Kxc6 51. Kxe4 Kd6 52. Kf5 Ke7 53.
Kxg5 Kf8 54. Kh6 Kg8 1/2-1/2

[Event "Hastings Masters"]
[Site "Hastings"]
[Date "2010.12.29"]
[Round "2.33"]
[White "Britton, Richard L"]
[Black "Barton, R Alan"]
[Result "1-0"]
[WhiteElo "2229"]
[BlackElo "2103"]
[PlyCount "119"]
[EventDate "2010.12.28"]

1. e4 e5 2. Nf3 f5 3. Nxe5 Nc6 4. Nxc6 dxc6 5. d3 Bd6 6. f4 fxe4 7. dxe4 Bb4+
8. c3 Qxd1+ 9. Kxd1 Bc5 10. Bd3 Be6 11. f5 O-O-O 12. Kc2 Bf7 13. Bg5 Be7 14.
Bxe7 Nxe7 15. Nd2 c5 16. Nf3 Rhe8 17. Rhe1 c4 18. Bf1 Nc6 19. Rad1 Rxd1 20.
Kxd1 Bh5 21. Bxc4 Ne5 22. Be2 Ng4 23. Ng5 Nf2+ 24. Kc1 Bxe2 25. Rxe2 Nd3+ 26.
Kc2 Ne5 27. h3 h6 28. Nf3 Nd7 29. e5 c5 30. Re1 Kc7 31. g4 c4 32. b3 cxb3+ 33.
axb3 a6 34. e6 Nf6 35. c4 b5 36. Kc3 bxc4 37. bxc4 a5 38. c5 Rb8 39. Nd4 Nd5+
40. Kc4 Ne7 41. Nb5+ Kc6 42. Rd1 Nc8 43. Rd8 Nb6+ 44. cxb6 Rxd8 45. Nd4+ Kxb6
46. h4 Kc7 47. Kc5 Ra8 48. g5 hxg5 49. hxg5 a4 50. f6 gxf6 51. gxf6 Kd8 52. Kd6
Ke8 53. Nc6 a3 54. e7 Ra6 55. f7+ Kxf7 56. Kd7 Ra8 57. Nd8+ Kf6 58. e8=Q a2 59.
Qe6+ Kg7 60. Qg4+ 1-0

[Event "Hastings Masters"]
[Site "Hastings"]
[Date "2010.12.29"]
[Round "2.34"]
[White "Atako, Chino"]
[Black "Sugden, John N"]
[Result "1/2-1/2"]
[WhiteElo "2039"]
[BlackElo "2193"]
[PlyCount "58"]
[EventDate "2010.12.28"]

1. e4 c5 2. Nc3 Nc6 3. f4 e6 4. Nf3 d5 5. Bb5 Nge7 6. O-O a6 7. Bxc6+ Nxc6 8.
d3 Be7 9. Ne2 f5 10. Ng3 O-O 11. c3 b5 12. Kh1 Bf6 13. e5 Be7 14. d4 b4 15. Be3
c4 16. b3 cxb3 17. Qxb3 Na5 18. Qc2 bxc3 19. Qxc3 Bd7 20. Rfc1 Rc8 21. Qe1 Nc4
22. Rab1 Ba3 23. Rc3 Qa5 24. Rd3 Qxe1+ 25. Nxe1 Ba4 26. Bc1 Be7 27. Ne2 Rb8 28.
Rxb8 Rxb8 29. Nc3 Be8 1/2-1/2

[Event "Hastings Masters"]
[Site "Hastings"]
[Date "2010.12.29"]
[Round "2.35"]
[White "Grant, Alan G"]
[Black "Pickersgill, Adrian O"]
[Result "1-0"]
[WhiteElo "2219"]
[BlackElo "2026"]
[PlyCount "69"]
[EventDate "2010.12.28"]

1. Nf3 d6 2. d4 Bg4 3. c4 Nd7 4. Qb3 Rb8 5. g3 g6 6. Bg2 Bg7 7. Be3 Ngf6 8. O-O
O-O 9. Rd1 b6 10. Qa3 a5 11. Nc3 Bxf3 12. exf3 e5 13. Nb5 Ne8 14. f4 exd4 15.
Bxd4 Nc5 16. Bxc5 bxc5 17. Rab1 Rb6 18. Qxa5 Qb8 19. b3 c6 20. Nc3 Rb4 21. Ne2
Qb7 22. Qa3 Nc7 23. Qc1 Re8 24. Qc2 Re6 25. f5 gxf5 26. Bh3 Rh6 27. Bxf5 Ne8
28. Qe4 Nf6 29. Qe3 Qc7 30. Qf4 Qe7 31. Re1 Nh5 32. Qf3 Qe5 33. Nc3 Qf6 34. g4
Rg6 35. Ne4 1-0

[Event "Hastings Masters"]
[Site "Hastings"]
[Date "2010.12.29"]
[Round "2.36"]
[White "Jaunooby, Ali R"]
[Black "Gibson, Christopher A"]
[Result "0-1"]
[WhiteElo "2207"]
[BlackElo "1984"]
[PlyCount "104"]
[EventDate "2010.12.28"]

1. d4 Nf6 2. c4 e6 3. Nc3 Bb4 4. Bg5 c5 5. d5 d6 6. Nf3 exd5 7. cxd5 Nbd7 8.
Nd2 Qe7 9. e3 h6 10. Bh4 O-O 11. Rc1 a6 12. a4 Nb6 13. Qf3 g5 14. Qg3 Nh5 15.
Qf3 Nf6 16. Qg3 Ng4 17. Bxg5 hxg5 18. h3 Qe5 19. hxg4 Qxg3 20. fxg3 Bxg4 21.
Kf2 Rae8 22. Nde4 Bxc3 23. Nxc3 Re5 24. e4 f5 25. Rh6 fxe4+ 26. Ke3 Nc8 27. Bc4
Kg7 28. Rch1 Bf5 29. Ne2 Bg6 30. g4 b5 31. axb5 axb5 32. Bxb5 Nb6 33. Nc3 Nxd5+
34. Nxd5 Rxd5 35. b3 Rd4 36. R6h3 Rb8 37. Ba4 Rd3+ 38. Ke2 Rxh3 39. gxh3 Kf6
40. Rc1 Ke5 41. Rc3 Ra8 42. Rc1 Ra5 43. Rf1 Ra8 44. Rc1 Be8 45. Rf1 Bxa4 46.
Rf5+ Kd4 47. bxa4 Rxa4 48. Rxg5 Ra2+ 49. Kf1 c4 50. Rg6 d5 51. g5 c3 52. Rc6 c2
0-1

[Event "Hastings Masters"]
[Site "Hastings"]
[Date "2010.12.29"]
[Round "2.37"]
[White "Calvert, D Ian"]
[Black "Williams, Peter A"]
[Result "0-1"]
[WhiteElo "1981"]
[BlackElo "2179"]
[PlyCount "54"]
[EventDate "2010.12.28"]

1. b3 e5 2. Bb2 Nc6 3. e3 d5 4. Bb5 Bd6 5. f4 Qh4+ 6. g3 Qe7 7. Nf3 f6 8. Nc3
Be6 9. O-O Nh6 10. fxe5 fxe5 11. e4 d4 12. Nd5 Qd7 13. c3 a6 14. Bxc6 bxc6 15.
Nb4 Nf7 16. Nd3 c5 17. cxd4 cxd4 18. Nfxe5 Bxe5 19. Rxf7 Qxf7 20. Nxe5 Qf6 21.
Bxd4 O-O 22. Qe2 Bh3 23. Bc3 Rae8 24. Ng4 Qb6+ 25. Kh1 Qc6 26. Nf2 Rxf2 27.
Qxf2 Qxe4+ 0-1

[Event "Hastings Masters"]
[Site "Hastings"]
[Date "2010.12.29"]
[Round "2.39"]
[White "Franklin, Samuel G A"]
[Black "Haria, Ravi"]
[Result "1-0"]
[WhiteElo "2185"]
[BlackElo "1952"]
[PlyCount "67"]
[EventDate "2010.12.28"]

1. e4 e6 2. d4 d5 3. Nc3 Nf6 4. Bg5 Bb4 5. e5 h6 6. Be3 Ne4 7. Qg4 g6 8. a3
Bxc3+ 9. bxc3 c5 10. Bd3 h5 11. Qf3 Qa5 12. Ne2 cxd4 13. Bxd4 Nc6 14. O-O Bd7
15. Rfd1 Qc7 16. Bxe4 dxe4 17. Qf6 Rg8 18. Ng3 Nxd4 19. cxd4 Bc6 20. c4 Rd8 21.
Rac1 Qb6 22. d5 exd5 23. e6 fxe6 24. Qxe6+ Kf8 25. Qf6+ Ke8 26. cxd5 Bxd5 27.
Qe5+ Be6 28. Nxe4 Rf8 29. Nf6+ Rxf6 30. Qxf6 Rd6 31. Rxd6 Qxd6 32. Rc8+ Bxc8
33. Qxd6 Bf5 34. Qb8+ 1-0

[Event "Hastings Masters"]
[Site "Hastings"]
[Date "2010.12.29"]
[Round "2.40"]
[White "Royset, Paal"]
[Black "Kelly, Paul J"]
[Result "1-0"]
[WhiteElo "2171"]
[BlackElo "1946"]
[PlyCount "75"]
[EventDate "2010.12.28"]

1. d4 b5 2. e4 Bb7 3. e5 e6 4. Nf3 a6 5. Bd3 h6 6. Nbd2 d5 7. h4 c5 8. c3 Nd7
9. h5 Qb6 10. O-O cxd4 11. cxd4 Ne7 12. Nb3 Nc6 13. Be3 a5 14. Rc1 Nb4 15. Bb1
Be7 16. Qd2 Kd8 17. Ne1 Rc8 18. f4 a4 19. Nc5 Na6 20. Ned3 Naxc5 21. dxc5 Qc7
22. Qf2 Bc6 23. Qg3 Bf8 24. Bd4 Nb8 25. f5 Be8 26. fxe6 fxe6 27. Nf4 Qd7 28.
Qg4 Rc6 29. Bd3 Ra6 30. c6 Rxc6 31. Bxb5 Rxc1 32. Rxc1 Qxb5 33. Nxe6+ Ke7 34.
Bc5+ Qxc5+ 35. Nxc5 Bf7 36. Qh4+ Ke8 37. Qxa4+ Ke7 38. Qa7+ 1-0

[Event "Hastings Masters"]
[Site "Hastings"]
[Date "2010.12.29"]
[Round "2.41"]
[White "Gibbs, Dominic V"]
[Black "Marzano, Carlo"]
[Result "0-1"]
[WhiteElo "1941"]
[BlackElo "2160"]
[PlyCount "156"]
[EventDate "2010.12.28"]

1. e4 Nc6 2. Nc3 Nf6 3. g3 d5 4. exd5 Nxd5 5. Bg2 Nxc3 6. bxc3 e5 7. d3 Bc5 8.
Nf3 Bg4 9. h3 Be6 10. Qe2 Bd6 11. Ng5 Bf5 12. Rb1 Qc8 13. Ne4 O-O 14. Nxd6 cxd6
15. Be3 Qd7 16. O-O Bxh3 17. Bxh3 Qxh3 18. Rxb7 f5 19. Qf3 f4 20. Bd2 fxg3 21.
Qxg3 Qxg3+ 22. fxg3 Rxf1+ 23. Kxf1 Rf8+ 24. Kg2 Rf7 25. Rxf7 Kxf7 26. Be3 Ke6
27. a3 d5 28. Kf3 h5 29. Bf2 Kf5 30. Be1 a6 31. Bf2 Nd8 32. Bc5 Nf7 33. Be7 Ke6
34. Bc5 Ng5+ 35. Kg2 Kf5 36. Be7 Nf7 37. Kf3 g5 38. c4 g4+ 39. Ke3 Ke6 40. Bc5
dxc4 41. dxc4 Nh6 42. Ke4 Nf5 43. Bf2 h4 44. gxh4 g3 45. Bg1 Nxh4 46. c3 Nf5
47. Kf3 Nd6 48. Kxg3 Nxc4 49. a4 Nd2 50. Kf2 Ne4+ 51. Ke3 Nxc3 52. a5 Kd5 53.
Kd3 Nb5 54. Be3 e4+ 55. Kc2 Kc4 56. Kd2 Na3 57. Bg5 Kd5 58. Ke2 Nc4 59. Bd8 Kc5
60. Kf2 Kd5 61. Ke2 Ne5 62. Bb6 Ng6 63. Ke3 Ne7 64. Bd8 Nf5+ 65. Ke2 Nd4+ 66.
Kf2 Kc4 67. Ke3 Ne6 68. Bb6 Kd5 69. Ke2 Ke5 70. Ke3 Nf8 71. Ke2 Nd7 72. Ke3 Kd5
73. Bd8 Ne5 74. Bb6 Nc4+ 75. Ke2 Kc6 76. Bd8 Kd7 77. Bb6 Nxb6 78. axb6 a5 0-1

[Event "Hastings Masters"]
[Site "Hastings"]
[Date "2010.12.29"]
[Round "2.42"]
[White "Rolvaag, Birk Anders"]
[Black "Jackson, James P"]
[Result "0-1"]
[WhiteElo "1917"]
[BlackElo "2146"]
[PlyCount "174"]
[EventDate "2010.12.28"]

1. e4 c5 2. Nc3 Nc6 3. g3 g6 4. Bg2 Bg7 5. Nge2 d6 6. O-O e5 7. d3 Nge7 8. Be3
O-O 9. Qd2 Be6 10. Bh6 Qd7 11. Nd5 f5 12. Bxg7 Kxg7 13. f4 Rae8 14. c3 Bxd5 15.
exd5 Nd8 16. c4 Ng8 17. Rae1 Nf6 18. Nc3 Nf7 19. Re2 a6 20. Bh3 Qd8 21. b3 Nh5
22. fxe5 dxe5 23. Ref2 b6 24. Bg2 Nd6 25. Ne2 Qe7 26. Re1 Qd8 27. Ref1 Nf6 28.
Nc3 h6 29. Re1 Re7 30. Rfe2 Rfe8 31. Qb2 Nf7 32. Nd1 Qd6 33. Nf2 h5 34. Qc3 h4
35. Qd2 hxg3 36. hxg3 Nh5 37. Re3 Nh6 38. Rf3 Nf6 39. Qc3 Nf7 40. Qb2 Ng5 41.
Rfe3 Nf7 42. Rf3 Rh8 43. Qd2 Ree8 44. Rf1 Rh7 45. g4 f4 46. Ne4 Nxe4 47. dxe4
Ng5 48. Rd3 Rh4 49. Qe2 f3 50. Rdxf3 Nxf3+ 51. Qxf3 Rf8 52. Qg3 Rxf1+ 53. Bxf1
g5 54. Be2 Qf6 55. Kg2 Rh8 56. Kg1 Rf8 57. Kg2 Kf7 58. Qf3 Qxf3+ 59. Kxf3 Ke7+
60. Ke3 Rh8 61. a4 Rh3+ 62. Bf3 Kd6 63. Kf2 Rh2+ 64. Bg2 Kc7 65. Kg3 Rh6 66.
Bf3 b5 67. axb5 axb5 68. cxb5 Kb6 69. Be2 Rf6 70. Bd3 Rf4 71. Bc4 Rxe4 72. Kf3
Rf4+ 73. Kg3 Kc7 74. Be2 Rf6 75. Bd3 Rf4 76. Be2 Kb6 77. Bd3 e4 78. Bc4 Rf6 79.
Be2 Ka5 80. Bc4 Kb4 81. b6 Kc3 82. b7 Rf8 83. d6 e3 84. b8=Q Rxb8 85. Kf3 Kd2
86. d7 Rd8 87. Bb5 Rxd7 0-1

[Event "Hastings Masters"]
[Site "Hastings"]
[Date "2010.12.29"]
[Round "2.43"]
[White "Almond, Richard J"]
[Black "Bremner, Adam"]
[Result "0-1"]
[WhiteElo "2145"]
[BlackElo "1912"]
[PlyCount "166"]
[EventDate "2010.12.28"]

1. d4 Nf6 2. c4 e6 3. Nc3 Bb4 4. Qc2 c5 5. dxc5 O-O 6. a3 Bxc5 7. Nf3 Nc6 8.
Bg5 Nd4 9. Nxd4 Bxd4 10. e3 Qa5 11. exd4 Qxg5 12. Qd2 Qxd2+ 13. Kxd2 d5 14. c5
Bd7 15. Bd3 Rab8 16. b4 b6 17. Rab1 e5 18. dxe5 Ng4 19. f4 Nf2 20. Nxd5 Nxh1
21. c6 Nf2 22. cxd7 Nxd3 23. Ne7+ Kh8 24. Kxd3 Rfd8 25. Ke4 Rxd7 26. Nc6 Rc8
27. b5 a6 28. a4 axb5 29. axb5 Ra8 30. Rb2 g6 31. g4 Ra4+ 32. Ke3 Rd1 33. Nb4
Kg7 34. f5 Re1+ 35. Kd4 Rd1+ 36. Ke4 g5 37. h3 Ra3 38. Nd5 Ra4+ 39. Nb4 Rc1 40.
Ke3 Rc3+ 41. Nd3 Raa3 42. Rd2 Rcb3 43. Kd4 Rxb5 44. Re2 Rbb3 45. Nf2 h6 46. e6
fxe6 47. fxe6 Kf8 48. e7+ Ke8 49. Ne4 Kxe7 50. Nd2+ Kf6 51. Nxb3 Rxb3 52. Kd5
Rd3+ 53. Ke4 Rd8 54. Rc2 Ke6 55. Rc7 Kd6 56. Rh7 Re8+ 57. Kd4 Re6 58. Rh8 Kc6
59. Rc8+ Kb5 60. Rh8 Kb4 61. Kd5 Rg6 62. Rf8 b5 63. Rf3 Ka4 64. Kc5 Rg8 65. Rf6
Rc8+ 66. Kd4 b4 67. Rxh6 b3 68. Rb6 Ka3 69. Ke4 Rc5 70. Kd4 Rc8 71. Rb5 b2 72.
Kd3 Rc1 73. Ke4 Rc4+ 74. Kf5 Rb4 75. Rxb4 Kxb4 76. Kxg5 b1=Q 77. h4 Kc5 78. h5
Kd6 79. Kh6 Ke7 80. Kg7 Qf1 81. g5 Qf7+ 82. Kh6 Kf8 83. g6 Qf6 0-1

[Event "Hastings Masters"]
[Site "Hastings"]
[Date "2010.12.29"]
[Round "2.44"]
[White "Clayton, Tristan"]
[Black "Rich, Mark C"]
[Result "0-1"]
[WhiteElo "1791"]
[BlackElo "2145"]
[PlyCount "98"]
[EventDate "2010.12.28"]

1. e4 c5 2. Nc3 a6 3. g3 Nc6 4. Bg2 g6 5. d3 Bg7 6. f4 d6 7. Be3 e6 8. Nf3 Nd4
9. O-O Ne7 10. Rb1 Qa5 11. Bd2 Qc7 12. Ne2 Nxf3+ 13. Bxf3 b5 14. c3 Bb7 15. Be3
f5 16. Qe1 O-O 17. Qf2 Rae8 18. Qg2 c4 19. d4 fxe4 20. Bxe4 Nd5 21. Bf2 Rf7 22.
h3 Ref8 23. Rbe1 a5 24. a3 Qc8 25. Kh2 Qa8 26. Ng1 e5 27. dxe5 dxe5 28. Bc5 Re8
29. fxe5 Rxf1 30. Qxf1 Ne3 31. Rxe3 Bxe4 32. Bd4 Rf8 33. Qe1 Bd3 34. Ne2 Bh6
35. Nf4 Bxf4 36. gxf4 Rxf4 37. Qg3 Rf1 38. Qg2 Qxg2+ 39. Kxg2 Rb1 40. b4 cxb3
41. Rxd3 b2 42. Rd2 Rg1+ 43. Bxg1 b1=Q 44. Bd4 Qb3 45. Rf2 b4 46. axb4 axb4 47.
Rf3 Qc2+ 48. Rf2 Qe4+ 49. Rf3 b3 0-1

[Event "Hastings Masters"]
[Site "Hastings"]
[Date "2010.12.29"]
[Round "2.45"]
[White "Norinkeviciute, Rasa"]
[Black "Malhotra, Tarun"]
[Result "1/2-1/2"]
[WhiteElo "2028"]
[BlackElo "1913"]
[PlyCount "74"]
[EventDate "2010.12.28"]

1. c4 g6 2. g3 Bg7 3. Bg2 d6 4. Nc3 e5 5. d3 Ne7 6. e4 O-O 7. Nge2 Be6 8. O-O
c6 9. b3 c5 10. a3 Nbc6 11. Rb1 a5 12. Nd5 Bxd5 13. exd5 Nd4 14. Nxd4 exd4 15.
b4 axb4 16. axb4 b6 17. Bf4 Qc7 18. Qb3 Rfb8 19. Ra1 Rxa1 20. Rxa1 Be5 21. Bd2
b5 22. bxc5 bxc4 23. Qxc4 Qxc5 24. Rc1 Qxc4 25. dxc4 Rb2 26. Rd1 Nc8 27. Bf1
Nb6 28. Bh6 f5 29. h4 Rb4 30. Rc1 Na4 31. Bd3 Nc5 32. Bf1 Kf7 33. Ra1 Rb7 34.
Kg2 Bf6 35. Re1 Be5 36. Ra1 Bf6 37. Re1 Be5 1/2-1/2

[Event "Hastings Masters"]
[Site "Hastings"]
[Date "2010.12.29"]
[Round "2.46"]
[White "Quinn, Joseph R"]
[Black "Stewart, Ashley"]
[Result "0-1"]
[WhiteElo "1815"]
[BlackElo "1980"]
[PlyCount "60"]
[EventDate "2010.12.28"]

1. e4 c5 2. Nf3 e6 3. d4 cxd4 4. Nxd4 a6 5. Nc3 Qc7 6. a3 Nf6 7. Be2 b5 8. O-O
Bb7 9. Bf3 d6 10. Re1 Nbd7 11. Be2 Be7 12. f4 Nc5 13. Bf3 O-O 14. Kh1 Rad8 15.
Qe2 Rfe8 16. Qf2 Bf8 17. Qg3 g6 18. f5 exf5 19. Nxf5 Nfxe4 20. Bxe4 Nxe4 21.
Nxe4 Bxe4 22. Nh6+ Bxh6 23. Bxh6 Qxc2 24. Bg5 d5 25. Bf6 Rc8 26. Rg1 Re6 27.
Qg5 Qf2 28. Raf1 Rxf6 29. Rxf2 Rxf2 30. Qe5 Rxg2 0-1

[Event "Hastings Masters"]
[Site "Hastings"]
[Date "2010.12.29"]
[Round "2.47"]
[White "Armstrong, Malcolm J"]
[Black "Dale, Hannah"]
[Result "1/2-1/2"]
[WhiteElo "1957"]
[BlackElo "1790"]
[PlyCount "65"]
[EventDate "2010.12.28"]

1. d4 Nf6 2. c4 e6 3. g3 Bb4+ 4. Bd2 Bxd2+ 5. Nxd2 Nc6 6. Ngf3 d5 7. Bg2 O-O 8.
O-O Re8 9. Rc1 Ne7 10. Qc2 c6 11. e4 dxe4 12. Nxe4 Nf5 13. Rfd1 Bd7 14. Nc5 Qc7
15. Qe2 Rad8 16. Qe5 Qb6 17. b3 Bc8 18. Na4 Qb4 19. h3 Qd6 20. g4 Ne7 21. Rd2
Ng6 22. Qe3 Qf4 23. Rcd1 Ne4 24. Rd3 f5 25. Ne5 Qxe3 26. fxe3 Nxe5 27. dxe5
Rxd3 28. Rxd3 Ng5 29. Nc5 Nf7 30. Nd7 Rd8 31. Nc5 Re8 32. Nd7 Rd8 33. Nc5
1/2-1/2

[Event "Hastings Masters"]
[Site "Hastings"]
[Date "2010.12.29"]
[Round "2.48"]
[White "Campbell, Eoin"]
[Black "Sargent, John"]
[Result "1-0"]
[WhiteElo "1950"]
[BlackElo "1770"]
[PlyCount "45"]
[EventDate "2010.12.28"]

1. Nf3 d5 2. c4 e6 3. g3 Nf6 4. Bg2 Be7 5. O-O O-O 6. d4 dxc4 7. Ne5 Nbd7 8.
Nxc4 c5 9. dxc5 Bxc5 10. Nc3 a6 11. Bf4 Nb6 12. Qxd8 Rxd8 13. Bc7 Nxc4 14. Bxd8
Ng4 15. Bg5 f6 16. Ne4 Bd4 17. Rad1 e5 18. h3 Nxf2 19. Nxf2 fxg5 20. Bd5+ Kh8
21. Bxc4 Bxh3 22. Rxd4 exd4 23. Nxh3 1-0

[Event "Hastings Masters"]
[Site "Hastings"]
[Date "2010.12.29"]
[Round "2.49"]
[White "Pooley, Mark"]
[Black "Young, Mel J"]
[Result "1/2-1/2"]
[WhiteElo "1778"]
[BlackElo "1938"]
[PlyCount "35"]
[EventDate "2010.12.28"]

1. e4 c5 2. Nf3 d6 3. d3 Nc6 4. c3 g6 5. Be3 Bg7 6. Qd2 b5 7. d4 c4 8. Na3 a6
9. Nc2 d5 10. e5 Bf5 11. Nh4 Bxc2 12. Qxc2 e6 13. Nf3 Qd7 14. Qd2 h5 15. Nh4
Bh6 16. f4 Bf8 17. Be2 Nh6 18. Qc2 1/2-1/2

[Event "Hastings Masters"]
[Site "Hastings"]
[Date "2010.12.29"]
[Round "2.50"]
[White "Dunlop, Neil J"]
[Black "Torgersen, Markus"]
[Result "1-0"]
[WhiteElo "1923"]
[BlackElo "1741"]
[PlyCount "67"]
[EventDate "2010.12.28"]

1. e4 c6 2. c4 d5 3. exd5 cxd5 4. cxd5 Nf6 5. Nc3 g6 6. Bc4 Nbd7 7. Nge2 Nb6 8.
Bb3 Nfxd5 9. d4 Bg7 10. O-O O-O 11. Bg5 h6 12. Bh4 g5 13. Bg3 f5 14. h4 f4 15.
Bh2 e6 16. hxg5 hxg5 17. Qd3 Kf7 18. g3 Qf6 19. Ne4 Qh6 20. f3 Ne3 21. Rf2 fxg3
22. N2xg3 Nbd5 23. Nd6+ Ke7 24. Nxc8+ Raxc8 25. Re1 Nf4 26. Qxe3 Nh3+ 27. Kf1
Nxf2 28. Qxf2 Qh3+ 29. Kg1 e5 30. dxe5 g4 31. f4 b6 32. Qd2 a5 33. Qd6+ Ke8 34.
Rd1 1-0

[Event "Hastings Masters"]
[Site "Hastings"]
[Date "2010.12.29"]
[Round "2.51"]
[White "Macrae, James S"]
[Black "Hoare, Amy"]
[Result "0-1"]
[WhiteElo "1763"]
[BlackElo "1921"]
[PlyCount "102"]
[EventDate "2010.12.28"]

1. d4 Nf6 2. Nc3 d5 3. Bg5 Ne4 4. Nxe4 dxe4 5. f3 exf3 6. Nxf3 g6 7. e4 Bg7 8.
c3 c5 9. d5 Qd6 10. Bd3 O-O 11. O-O Nd7 12. Qd2 Ne5 13. Nxe5 Bxe5 14. Bf4 a6
15. a4 Bd7 16. a5 Rad8 17. Bxe5 Qxe5 18. Qf4 Qxf4 19. Rxf4 Rc8 20. c4 f6 21. b3
Rb8 22. Rff1 b6 23. Rfb1 b5 24. cxb5 Bxb5 25. Bc2 Rb7 26. Kf2 Rfb8 27. Ke3 Bd7
28. h3 Rb4 29. Rd1 Kf7 30. Rdb1 R8b7 31. Kf2 Bb5 32. Ke3 Rb8 33. Kf2 Rd4 34.
Rd1 Rb4 35. Rdb1 Rd8 36. Rd1 Rd7 37. Ke3 Kg7 38. Kf2 h5 39. Ke3 Kf7 40. Kf2 Rd8
41. Ke3 Rd6 42. Rab1 Kg7 43. Kf2 g5 44. Kf3 Kh6 45. Kg3 Be8 46. Kf3 Bg6 47. Bd3
Rd4 48. Bc2 Rb4 49. Bd3 f5 50. Re1 fxe4+ 51. Bxe4 Rf6+ 0-1